00385nam a22001337a 4500008004100000040005500041080001900096245002700115260004200142300001000184365001500194490002900209650001300238230509b |||||||| |||| 00| 0 eng d aNational Science LibrarycNational Science Library aR 058(540)bL9 aManorama yearbook 1979 aKottayam: bMalayala Manorama, c1979 a917p. b20.00cINR a14th year of publication aYearbook